2012 Universal doom or new age / (Record no. 38612)

MARC details
000 -LEADER
fixed length control field 00796nam a22002177a 4500
005 - DATE AND TIME OF LATEST TRANSACTION
control field 20100802123748.0
010 ## - LCCN (DPL NO)
LC control number ENG-97690
020 ## - INTERNATIONAL STANDARD BOOK NUMBER
International Standard Book Number 9788128823879
Terms of availability 95.00
035 ## - SYSTEM CONTROL NUMBER
System control number EN-81223
037 ## - SOURCE OF ACQUISITION
Source of stock number/acquisition DBAD/PUB
082 ## - DEWEY DECIMAL CLASSIFICATION NUMBER
Classification number 529.32978427
100 ## - MAIN ENTRY--PERSONAL NAME
Personal name Sharma, Ashok K.
245 ## - TITLE STATEMENT
Title 2012 Universal doom or new age /
Statement of responsibility, etc by Ashok K. Sharma
246 ## - VARYING FORM OF TITLE
Title proper/short title Two thousand twelve
260 ## - PUBLICATION, DISTRIBUTION, ETC. (IMPRINT)
Place of publication, distribution, etc New Delhi
Name of publisher, distributor, etc Diamond Pocket Books
Date of publication, distribution, etc 2010
270 ## - ADDRESS
Address X-30, Okhla Industrial Area, Phase-II
City New Delhi
Postal code 110020
300 ## - PHYSICAL DESCRIPTION
Extent 172p.
Dimensions 22cm (pbk)
500 ## - GENERAL NOTE
General note Includes bibliographical references
942 ## - ADDED ENTRY ELEMENTS (KOHA)
Source of classification or shelving scheme Dewey Decimal Classification
Item type English Books
Classification part 529.32978427
Call number suffix SHA
Holdings
Withdrawn status Lost status Not for loan Collection code Home library Current library Date acquired Source of acquisition Cost, normal purchase price Full call number Barcode Copy number Cost, replacement price Koha item type
    Not For Loan Non-fiction D.B.Act.Division D.B.Act.Division 02/08/2010 DBAD/PUB 95.00 529.32978427 SHA EN-81223 1 95.00 English Books

© Delhi Public Library
Hit Counter
free hit counter